| 000 | 01091nam a2200301 a 4500 | ||
|---|---|---|---|
| 003 | AR-BaBNM | ||
| 005 | 20251128202951.0 | ||
| 008 | 082120s2002 ||||||||||||||000 | spa|| | ||
| 040 | _cAR-BaBNM | ||
| 100 | 1 | _aLindeman, Richard H. | |
| 245 | 0 | 0 | _aTratado de medición educacional |
| 250 | _a1ª ed. | ||
| 260 |
_aBuenos Aires _bPaidós _c1971 |
||
| 300 |
_a222 p. _btablas |
||
| 500 | _aEsta publicación ha sido preparada conjuntamente por la editorial y el Centro Regional de Ayuda Técnica, Agencia para el Desarrollo Internacional AID, Departamento de Estado del Gobierno de los Estados Unidos de América. El Centro es una organización dedi | ||
| 504 | _aBibliografía: p. 215-222 | ||
| 650 | 4 | _aMEDICION | |
| 650 | 4 | _aMETODOS DE EVALUACION | |
| 650 | 4 | _aINSTRUMENTOS DE MEDICION | |
| 650 | 4 | _aEVALUACION DEL ALUMNO | |
| 650 | 4 | _aOBJETIVOS DE LA MEDICION | |
| 650 | 4 | _aPRUEBAS DE RENDIMIENTO | |
| 653 | _aESTADISTICAS EDUCATIVAS | ||
| 700 | 1 |
_aRissech de Wiñar, Elvira _etraductor |
|
| 700 | 1 |
_aShoben, Edward Joseph _eprologuista |
|
| 942 | _cBK | ||
| 998 | _csilvi | ||
| 999 |
_c1310 _d1310 |
||